Catholic University of Zimbabwe Library
Online Public Access Catalogue
(OPAC)

Global Diffusion of Protest (Record no. 25386)

MARC details
000 -LEADER
fixed length control field 03606cam a22005894a 4500
001 - CONTROL NUMBER
control field muse76494
003 - CONTROL NUMBER IDENTIFIER
control field MdBmJHUP
005 - DATE AND TIME OF LATEST TRANSACTION
control field 20210127151320.0
006 - FIXED-LENGTH DATA ELEMENTS--ADDITIONAL MATERIAL CHARACTERISTICS
fixed length control field m o d
007 - PHYSICAL DESCRIPTION FIXED FIELD--GENERAL INFORMATION
fixed length control field cr||||||||nn|n
008 - FIXED-LENGTH DATA ELEMENTS--GENERAL INFORMATION
fixed length control field 170725t20172017ne o 00 0 eng d
010 ## - LIBRARY OF CONGRESS CONTROL NUMBER
Canceled/invalid LC control number 2017466112
020 ## - INTERNATIONAL STANDARD BOOK NUMBER
International Standard Book Number 9789048531356
020 ## - INTERNATIONAL STANDARD BOOK NUMBER
International Standard Book Number 9048531357
020 ## - INTERNATIONAL STANDARD BOOK NUMBER
Canceled/invalid ISBN 9789462981690
020 ## - INTERNATIONAL STANDARD BOOK NUMBER
Canceled/invalid ISBN 9462981698
035 ## - SYSTEM CONTROL NUMBER
System control number (OCoLC)1111905893
040 ## - CATALOGING SOURCE
Original cataloging agency MdBmJHUP
Transcribing agency MdBmJHUP
050 04 - LIBRARY OF CONGRESS CALL NUMBER
Classification number HM883
Item number .G58 2017
082 0# - DEWEY DECIMAL CLASSIFICATION NUMBER
Classification number 303.48/4
Edition number 23
245 00 - TITLE STATEMENT
Title Global Diffusion of Protest
Statement of responsibility, etc. edited by Donatella della Porta.
264 #1 - PRODUCTION, PUBLICATION, DISTRIBUTION, MANUFACTURE, AND COPYRIGHT NOTICE
Name of producer, publisher, distributor, manufacturer Amsterdam University Press,
264 #3 - PRODUCTION, PUBLICATION, DISTRIBUTION, MANUFACTURE, AND COPYRIGHT NOTICE
Name of producer, publisher, distributor, manufacturer Project MUSE,
300 ## - PHYSICAL DESCRIPTION
Extent 1 online resource (262 pages) :
Other physical details illustrations, maps ;
490 0# - SERIES STATEMENT
Series statement Protest and social movements ;
Volume/sequential designation 11
504 ## - BIBLIOGRAPHY, ETC. NOTE
Bibliography, etc. note Includes bibliographical references (pages 233-259) and index.
505 0# - FORMATTED CONTENTS NOTE
Formatted contents note 1. Riding the wave: Protest cascades, and what we can learn from them / Donatella della Porta -- 2. The spirit of Gezi: A relational approach to eventful protest and its challenges / Donatella della Porta and Kivanc Atak -- 3. Brazil's popular awakening -- June 2013: Accounting for the onset of a new cycle of contention / Mariana S. Mendes -- 4. Making sense of "La Salida": Challenging left-wing control in Venezuela / Juan Masullo -- 5. The Marikana Massacre and Labor Protest in South Africa / Francis O'Connor -- 6. Left in translation: The curious absence of austerity frames in the 2013 Bulgarian protests / Julia Rone -- 7. "Sow hunger, reap anger": From neoliberal privatization to new collective identities In Bosnia-Herzegovina / Chiara Milan -- 8. A spirit of Maidan?: Contentious escalation in Ukraine / Daniel P. Ritter -- 9. Riding the wave: Some conclusions / Donatella della Porta.
506 0# - RESTRICTIONS ON ACCESS NOTE
Terms governing access Open Access
Standardized terminology for access restriction Unrestricted online access
Source of term star
520 8# - SUMMARY, ETC.
Summary, etc. Recent years have seen a new development in the growth and spread of popular protest: protests that began as local, homogeneous events - such as Occupy Wall Street or the protests of the Arab Spring - quickly left their original locations, and local specificity, behind and became global. This book looks at the development of this wave of protests, with a specific eye on protests against austerity and neoliberal economic policies, and offers a global view, covering events in Turkey, Brazil, Venezuela, South Africa, Bosnia, Bulgaria, Ukraine, and other locations.
588 ## - SOURCE OF DESCRIPTION NOTE
Source of description note Description based on print version record.
650 #0 - SUBJECT ADDED ENTRY--TOPICAL TERM
Topical term or geographic name entry element Liberalisme economique.
Source of heading or term ram
650 #0 - SUBJECT ADDED ENTRY--TOPICAL TERM
Topical term or geographic name entry element Mouvements contestataires
General subdivision Comparaison interculturelle.
Source of heading or term ram
650 #0 - SUBJECT ADDED ENTRY--TOPICAL TERM
Topical term or geographic name entry element Mouvements contestataires
General subdivision Histoire
Chronological subdivision 21e siecle.
Source of heading or term ram
650 #0 - SUBJECT ADDED ENTRY--TOPICAL TERM
Topical term or geographic name entry element Protest movements.
Source of heading or term fast
Authority record control number or standard number (OCoLC)fst01079826
650 #0 - SUBJECT ADDED ENTRY--TOPICAL TERM
Topical term or geographic name entry element Neoliberalism.
Source of heading or term fast
Authority record control number or standard number (OCoLC)fst01737382
650 #0 - SUBJECT ADDED ENTRY--TOPICAL TERM
Topical term or geographic name entry element Neoliberalism.
650 #0 - SUBJECT ADDED ENTRY--TOPICAL TERM
Topical term or geographic name entry element Protest movements
Form subdivision Cross-cultural studies.
650 #0 - SUBJECT ADDED ENTRY--TOPICAL TERM
Topical term or geographic name entry element Protest movements
General subdivision History
Chronological subdivision 21st century.
648 #7 - SUBJECT ADDED ENTRY--CHRONOLOGICAL TERM
Chronological term 2000-2099
Source of heading or term fast
655 #0 - INDEX TERM--GENRE/FORM
Genre/form data or focus term History.
Source of term fast
Authority record control number (OCoLC)fst01411628
655 #0 - INDEX TERM--GENRE/FORM
Genre/form data or focus term Cross-cultural studies.
Source of term fast
Authority record control number (OCoLC)fst01423769
655 #7 - INDEX TERM--GENRE/FORM
Genre/form data or focus term Electronic books.
Source of term local
700 1# - ADDED ENTRY--PERSONAL NAME
Personal name Della Porta, Donatella,
Dates associated with a name 1956-
Relator term editor.
710 2# - ADDED ENTRY--CORPORATE NAME
Corporate name or jurisdiction name as entry element Project Muse.
Relator term distributor
830 #0 - SERIES ADDED ENTRY--UNIFORM TITLE
Uniform title Protest and social movements ;
Volume/sequential designation 11.
830 #0 - SERIES ADDED ENTRY--UNIFORM TITLE
Uniform title Book collections on Project MUSE.
856 40 - ELECTRONIC LOCATION AND ACCESS
Public note Full text available:
Uniform Resource Identifier <a href="https://muse.jhu.edu/book/66290/">https://muse.jhu.edu/book/66290/</a>
Holdings
Withdrawn status Lost status Source of classification or shelving scheme Damaged status Not for loan Home library Current library Shelving location Date acquired Total Checkouts Full call number Date last seen Uniform Resource Identifier Price effective from Koha item type
          Digital Library Digital Library Online Access 27.01.2021   HM883 .G58 2017 27.01.2021 https://muse.jhu.edu/book/66290/ 27.01.2021 eBook

OPENING HOURS

Weekdays: 0815hrs - 1800hrs
Weekends:0900hrs - 1200hrs

Closed for Mass:

Mon, Thur: 1200hrs - 1300hrs
Sunday & Public Holiday’s

CALL SUPPORT

0242-570570, 0242-570169
09200664, +263 8644140602

LOCATION

18443, Cranborne Avenue, Hatfield, Harare

Other Links


©2021 | CUZ Library